Isztambul turisztikai imázsa és a város vonzerejének alakulása
| Szerző: | |
|---|---|
| További közreműködők: | |
| Dokumentumtípus: | Diplomadolgozat |
| Kulcsszavak: | imázs Isztambul marketing turizmus városimázs |
| Online Access: | http://dolgozattar.uni-bge.hu/60120 |
MARC
| LEADER | 00000nta a2200000 i 4500 | ||
|---|---|---|---|
| 001 | dolg60120 | ||
| 005 | 20260409150021.0 | ||
| 008 | 260409suuuu hu om 000 hun d | ||
| 040 | |a BGE Dolgozattár Repozitórium |b hun | ||
| 041 | |a hu | ||
| 100 | 1 | |a Yesilöz Mihribán | |
| 245 | 1 | 0 | |a Isztambul turisztikai imázsa és a város vonzerejének alakulása |c Yesilöz Mihribán |h [elektronikus dokumentum] |
| 520 | 3 | |a A szakdolgozat célja Isztambul turisztikai imázsának vizsgálata, különös tekintettel arra, hogyan érzékelik a várost a magyar turisták, milyen tényezők befolyásolják a város választását úti célként, és milyen forrásokból tájékozódnak a potenciális látogatók. Emellett arra is kerestem a választ, hogy milyen aggodalmak jelennek meg a turisták körében, és milyen mértékben hajlandók kiutazni vagy visszatérni Isztambulba. A dolgozat személyes érdeklődésből is született, mivel több alkalommal jártam Isztambulban, és kíváncsi voltam arra, mások hogyan élik meg a várost, milyen képet alakítanak ki róla, és milyen tényezők formálják ezt a képet. | |
| 695 | |a imázs | ||
| 695 | |a Isztambul | ||
| 695 | |a marketing | ||
| 695 | |a turizmus | ||
| 695 | |a városimázs | ||
| 700 | 1 | |a Gászné Bősz Bernadett |e ths | |
| 856 | 4 | 0 | |u http://dolgozattar.uni-bge.hu/60120/1/Yesilo%CC%88z%20Mihriban%20-%20Isztambul%20turisztikai%20ima%CC%81zsa%20e%CC%81s%20a%20va%CC%81ros%20vonzereje%CC%81nek%20alakula%CC%81sa.pdf |z Dokumentum-elérés |
| 856 | 4 | 0 | |u http://dolgozattar.uni-bge.hu/60120/2/Yesil%C3%B6z_Mihrib%C3%A1n_konzulens_G%C3%A1szn%C3%A9_B%C5%91sz_Bernadett.pdf |z Dokumentum-elérés |
| 856 | 4 | 0 | |u http://dolgozattar.uni-bge.hu/60120/3/Yesil%C3%B6z%20Mihriban_opponensi_Kubesch%20M%C3%A1ria.pdf |z Dokumentum-elérés |